Participants du SoloQ Challenge 2025 (LoL) - Statistiques

Statistiques générales
  • Ce quiz a été pris 25 fois
  • Le résultat moyen est 29 sur 51
Statistiques - réponses
Rôle - LPs Max S15 - Team 2025 Joueur % Correct
CAPITAINE L Téton
100%
Jgl - 1467 - GX Isma
87%
CAPITAINE Kameto
87%
CAPITAINE Splinter
87%
ADC - 1435 - KCB 3XA
83%
Jgl - 1441 - Heretics Sheo
83%
CAPITAINE Wakz
83%
CAPITAINE Adam
78%
Mid - 1298 - Heretics Kamiloo
78%
Top - 737 Slipix
78%
Sup - 1554 - Heretics Stend
78%
Mid - 1373 - M8 Eika
74%
Top - 949 - BDSA Hiro
74%
Mid - 1264 - BDS Nuc
74%
Sup - 2167 - Galions Zoelys
74%
Jgl - 841 Sixen
70%
ADC- 1294 - BKR Booshi
61%
Sup - 629 - G2 Hel Colomblbl
61%
Jgl - 1031 - Phantasma Manaty
61%
Sup - 1621 - BDSA Myrtus
61%
ADC - 1375 - Los Heretics Rin
61%
Jgl - 1342 - IJC Theocacs
61%
Jgl - 1708 - M8 Zicssi
61%
Top - 1329 - GX Pride Badlulu
57%
ADC - 1390 - GW Matias
57%
Mid - 1398 SAKEEEEEEEEENN
57%
Mid - 861 Blue
52%
Top - 1016 - Ruddy Gaethan
52%
Top - 1471 - JL Leny
52%
Mid - 1324 - SLY Decay
48%
Top - 1218 Gob
48%
Top - 410 LA BETE
48%
Top - 869 Strey
48%
ADC - 1126 - MKOI Fénix 13
43%
Top - 1114 CABOOOOOOOOO
43%
Jgl - 1598 - Skillcamp Joinze
43%
Jgl/ADC - 1015 KC_Bakyou 🇩🇿
43%
Top - 1669 - Zerance Koala
43%
Mid - 882 Rhobalas
43%
Mid - 679 - Vitality Rising Bees Sha
43%
Jgl - 1831 - GW Stormax
39%
Mid - 696 4ZR
35%
Mid - 1196 Ekkosuna
35%
Mid - 1655 - IziDream Sayn
35%
ADC - 1561 - Caldya Soldier
35%
Top - 913 - Galions Pearl Wiosna
35%
Sup - 1147 Shunrim
30%
Jgl - 824 Auxxence
26%
ADC - 879 Bibou
26%
Top - 949 Wao
26%
Top - 657 Shemek
17%
Aucun quiz correspondant
Distribution des résultats
% des personnes avec chaque résultat
Percentile par nombre de réponses
Votre historique - résultats
Vous n’avez pas pris ce quiz